Statistics for Hogwarts and Environs - Map Quiz

Click here to take the quiz!

General Stats

  • This quiz has been taken 760 times
  • The average score is 8 of 13

Answers on the Map

Answers color-coded by a green-red scale on the quiz's map according to % correct below.
 

Answer Stats

Answer% Correct
Forbidden forest
82%
Hogwarts
82%
Lake
80%
Whomping willow
79%
Hagrid's cabin
78%
Quidditch pitch
70%
Hogsmeade
64%
Hogwarts Express Rails
57%
Station
52%
Road for carriages
51%
Vegetables garden
48%
Front door
47%
Greenhouses
41%

Score Distribution

Percentile by Number Answered

Percent of People with Each Score

Your Score History

You have not taken this quiz